زكريا و يحيى و عيسي / (رقم التسجيلة. 31896)

تفاصيل مارك
000 -LEADER
fixed length control field 00605nam a22001697a 4500
005 - DATE AND TIME OF LATEST TRANSACTION
control field 20251108165817.0
008 - FIXED-LENGTH DATA ELEMENTS--GENERAL INFORMATION
fixed length control field 250721s1986 xx 000 0 ara d
082 14 - DEWEY DECIMAL CLASSIFICATION NUMBER
Classification number ط/214.2/سمي
100 1# - MAIN ENTRY--PERSONAL NAME
Personal name الزين، سميح عاطف
245 10 - TITLE STATEMENT
Title زكريا و يحيى و عيسي /
264 1# - PRODUCTION, PUBLICATION, DISTRIBUTION, MANUFACTURE, AND COPYRIGHT NOTICE
Place of production, publication, distribution, manufacture بيروت :
Name of producer, publisher, distributor, manufacturer دار الكتاب اللبناني: مكتبة المدرسة،
Date of production, publication, distribution, manufacture, or copyright notice 1986.
300 ## - PHYSICAL DESCRIPTION
Extent 100ص0
490 0# - SERIES STATEMENT
Series statement قصص الانبياء في القرآن الكريم المختارة من مجمع البيان الحديث ،7
650 17 - SUBJECT ADDED ENTRY--TOPICAL TERM
Topical term or geographic name as entry element النبوات
942 ## - ADDED ENTRY ELEMENTS (KOHA)
Source of classification or shelving scheme Dewey Decimal Classification
Koha item type كتب
المقتنيات
حالة السحب حالة الفقدان مصدر التصنيف حالة التلف غير قابل للإعارة المكتبة الرئيسية المكتبة الحالية موقع الرف تاريخ التزويد الرقم المتسلسل Total Checkouts رقم الإستدعاء تاريخ آخر ظهور تاريخ الفاتورة نوع المادة (كوها) الباركود
    Dewey Decimal Classification Unchecked   مكتبة حمزة العامة مكتبة حمزة العامة الأطفال 06/07/2004 513   ط/214.2/سمي 28/07/2025 06/07/2004 كتب  
    Dewey Decimal Classification     مكتبة صويلح العامة مكتبة صويلح العامة الأطفال 15/07/2019 02560   ط/214.2/سمي 28/07/2025 15/07/2019 كتب PLD00457606
Implemented & Customized by: BBB with SCIT (Smart Chains for Information Technology)

Powered by Koha